000 00716nam a22002057a 4500
005 20251108173434.0
008 250721s2006 xx 000 0 ara d
082 1 4 _a320.1/ ياس
100 1 _aالياسين، علاء احمد
245 1 0 _aالسيرة السياسية : قراءة في أصول نشاة النظم و الفكر السياسي و تطورهما /
264 1 _aعمان :
_bالمؤلف،
_c2006.
300 _a220ص.
650 1 7 _aالسياسة
650 1 7 _aالأيديولوجيات السياسية
650 1 7 _aالأنظمة السياسية
650 1 7 _aالسياسة الدولية
650 1 7 _aالتنمية السياسية
942 _2ddc
_cBK
999 _c103891
_d103891